000 01445cam a2200229 4500
001 ABS66000
008 021029n2002 000 0 eng u
035 _a(Sirsi) u120294
100 _aHayes, P
245 _aNo common sense over access
260 _c2002
490 _aEstates Gazette
_v(0242) 19 October 2002, 154-155(2)
520 _aArgues that the accompanying regulations to the Countryside and Rights of Way Act 2000 s68 which provide for easements giving vehicular access over common land are illogical. In particular, the Vehicular Access Across Common and Other Land (England) Regulations 2002 are confusing regarding the deadline for making an application for easement. Among other things, the regulations suggest that if vehicular use of the common land continues, an application must be served on the owner by 4 July 2003. Also discusses the date from which the rights apply, compensation payable to the owner of the common, the procedure for making an application for an easement, and the nature of the easement and deduction of title. Concludes that property owners who seek vehicular access should apply now.
590 _aABS
650 _aCOUNTRYSIDE AND RIGHTS OF WAY ACT 2000 S68
650 _aPROPERTY OWNERS
650 _aVEHICULAR ACCESS ACROSS COMMON AND OTHER LAND (ENGLAND) REGULATIONS 2002
650 _aVEHICULAR ACCESS
650 _aEASEMENTS
690 _aBoundary disputes
_96221
942 _n0
999 _c71470
_d71470